00830nam a2200217 u 450000100100000000500170001000800410002702000150006804000250008304100390010808200190014724000410016624501350020726000390034230000210038153400620040265100490046465000300051370000340054370000350057700002303020200930021937.0101124s1989 mx 000 0 spa d a9686642498 aDO-SdBNPbspacBNPHU17aspaheng2Código de idiomas MARC a325.173bP713p00aU. S. inmigration policy.lEspañol03aLa política de inmigración de los Estados Unidos /ccompilación Richard R. Hofstetter ; traducción José Luis González. aMéxico, D. F. :bGernika,c1989. a502 p. ;c21 cm. aTítulo original en inglés :tU. S. inmigration policy 4aEstados UnidosxEmigración E Inmigración 4aPolítica de migración1 aGonzález, José Luis,etr.1 aHofstetter, Richard R.,ecomp.